| 000 | 01598nab a2200277 i 4500 | ||
|---|---|---|---|
| 001 | 768714001 | ||
| 003 | CO-MdFUSB | ||
| 005 | 20240723084145.0 | ||
| 008 | 240723t1988 enk||||| |||| 00| 0 eng d | ||
| 040 |
_bspa _cCO-MdFUSB _dCO-MdFUSB |
||
| 041 | _aeng | ||
| 100 |
_aBrox, Norbert, _d1935-2006 _eautor |
||
| 245 | 1 |
_a"Making earth into heaven" : _bdiakonia in the early church _c/ Norbert Brox ; traducido por David Smith |
|
| 520 | _aLa diaconía es un tema de gran importancia en la iglesia primitiva. Era un componente de la conciencia de la iglesia primitiva, muy parecido a la predicación evangélica. Sería incluso mejor decir que fue visto como una forma de proclamar la verdad sobre Jesús de Nazaret. La experiencia de estar presente, ayudar activamente, sanar y lograr cambios como comunidad era como predicar en ausencia de palabras (ver 1 Pedro 3:1) cuando los cristianos estaban allí. Al igual que predicar la cruz y ayudar a los demás, el servicio más allá de las necesidades de asistencia social se percibía como una profesión de fe. | ||
| 546 | _aTexto en inglés. | ||
| 600 | _yp | ||
| 650 | 7 |
_aIglesia _xHistoria _y(Iglesia primitiva), ca. 0030-0600 _9659 |
|
| 650 | 7 |
_aCristianismo _922 |
|
| 650 | 7 |
_aPobreza _92466 |
|
| 650 | 7 |
_aFe _9531 |
|
| 650 | 0 |
_aEvangelización _9362 |
|
| 700 |
_aSmith, David, _etraductor |
||
| 773 | 0 |
_070507 _982837 _dLondres : Board, 1966. _oR2689 _tConcilium : _w(CO-MdFUSB)768714001 _x0010-5236 _gVolumen 198, (número 4, 1988), páginas: 33 - 40 _qpágina: 33 |
|
| 942 | _cANA | ||
| 945 | _aCatherine Arias Álvarez - Practicante SENA | ||
| 999 |
_c70553 _d70553 |
||